| 000 | 01378nam a22003255i 4500 | ||
|---|---|---|---|
| 999 |
_c27695 _d27666 |
||
| 003 | EG-ScBUE | ||
| 005 | 20191020133409.0 | ||
| 008 | 191020s2000 ua ab f b 000 0 ara d | ||
| 017 | _a2000 / 7987 | ||
| 020 | _a9772234165 | ||
| 040 |
_aEG-ScBUE _bara _erda _cEG-ScBUE _dEG-ScBUE |
||
| 043 |
_aa------ _af-ua--- |
||
| 082 | 0 | 4 |
_a327.6205 _bع ل ا _222 |
| 245 | 0 | 2 |
_aالعلاقات المصرية - الآسيوية / _cأ. د. محمد السيد سليم، د. إبراهيم عرفات. |
| 246 | 3 | 4 | _aEgyptian - Asian relations |
| 264 | 1 |
_aالجيزة، مصر : _bمركز الدراسات الآسيوية، كلية الاقتصاد والعلوم السياسية، جامعة القاهرة، _c2000. |
|
| 300 |
_a487 صفحة : _bإيضاحيات، خرائط ؛ _c24 سم |
||
| 336 |
_2rdacontent _aنص _btxt |
||
| 337 |
_2rdamedia _aبدون وسيط _bn |
||
| 338 |
_2rdacarrier _aمجلد _bnc |
||
| 504 | _aيشتمل على إرجاعات ببليوجرافية. | ||
| 541 |
_aDr. Gamal Selim ; _cDonation ; |
||
| 650 | _2BUEsh | ||
| 651 | 7 |
_aمصر _xعلاقات خارجية _zآسيا. _2BUEsh |
|
| 651 | 7 |
_aآسيا _xعلاقات خارجية _zمصر. _2BUEsh |
|
| 653 |
_bBUSBOL _bMASPPSS _cOctober2019 |
||
| 700 | 1 |
_aسليم، محمد السيد، _eمحرر. |
|
| 700 | 1 |
_aعرفات، إبراهيم، _eمحرر. _922766 |
|
| 942 | _2ddc | ||